| 000 | 00434nam a2200157 a 4500 | ||
|---|---|---|---|
| 020 | _a0697171434 | ||
| 040 | _cDLC | ||
| 082 | 0 | 0 | _a005 BUS 1993 A003 Or. |
| 100 | 1 | _aRoss, Paul W., | |
| 245 | 1 | 0 | _aUsing Microsoft works effectively. |
| 260 |
_a[Dubuque? IA] : _bBusiness and Educational Technologies, _cc1993. |
||
| 300 |
_ax, 277 p. : _bill. ; _c28 cm. |
||
| 500 | _aIncludes index. | ||
| 650 | 0 | _aIntegrated software. | |
| 942 | _cEK | ||
| 999 |
_c16437 _d16437 |
||